000
00288nam a22001217a 4500
008
180131b xxu||||| |||| 00| 0 eng d
041
_a
eng
080
_a
574
100
_a
9
101
_a
mje
245
_a
field labboratory methods for general ecology
_c
brower.z
942
_2
udc
_c
BK
999
_c
41326
_d
41326